000 00909nam a2200229Ia 4500
001 L330-23896
003 IT-CnALBA
008 170116s9999||||xx |||||||||||||| ||und||
040 _aIT-CnALBA
_cIT-CnALBA
041 _aITALIANO
100 _aVACCARI VITTORIO
245 0 _aANTAGONISTI AL BENE COMUNE.
250 _a1a ed.
260 _bUNIONE CRISTIANA IMPRENDITORI DIRIGENTI'
_c1953 [1° Ed.:1963 - Ed.Ling.Originale: 1963]
300 _a33 p. (prefazione: 5)
500 _aVERITÀ DOTTRINALE. AUTONOMIA DEL PENSIERO CRISTIANO. SPIRALE DELLA DIALETTICA MARXISTA. GERARCHIA DI VALORI.
501 _aSocietà San Paolo EM - Piazza San Paolo, 14 - 12051 ALBA (CN) (non commercial uses only) ® Copyright 2017
520 _aVERITÀ DOTTRINALE. AUTONOMIA DEL PENSIERO CRISTIANO. SPIRALE DELLA DIALETTICA MARXISTA. GERARCHIA DI VALORI.
650 _aECONOMIA
942 _cBK
957 _71
999 _a28644
_bNO
_g Copie: 1
_c283000
_d283000